Statistics for UEFA Champions League Group Stage Leaders

Click here to take the quiz!

General Stats

  • This quiz has been taken 637 times
    (184 since last reset)
  • The average score is 36 of 55

Answer Stats

Winner% Correct
Real Madrid
98%
Arsenal
97%
Bayern Munich
97%
Borussia Dortmund
97%
FC Barcelona
97%
Manchester City
97%
Manchester United
95%
Inter Milan
94%
AC Milan
93%
Atlético Madrid
93%
Chelsea
93%
Juventus
92%
Liverpool
89%
Paris Saint-Germain
89%
Tottenham Hotspur
89%
FC Porto
87%
SL Benfica
86%
SSC Napoli
86%
Olympique Lyonnais
85%
AFC Ajax
84%
AS Roma
84%
Lazio
83%
Marseille
83%
Valencia
79%
Sevilla
73%
Real Sociedad
72%
RB Leipzig
71%
Bayer Leverkusen
69%
AS Monaco
66%
Schalke 04
66%
Leicester City
60%
Villarreal
59%
Lille OSC
58%
Deportivo La Coruna
55%
FC Zenit
55%
Dynamo Kyiv
54%
Fiorentina
54%
VfL Wolfsburg
49%
Olympiacos
48%
Sparta Prague
48%
Besiktas
46%
RSC Anderlecht
46%
Girondins de Bordeaux
44%
Shakhtar Donetsk
44%
Panathinaikos
42%
FC Nantes
35%
Malaga
32%
Sampdoria
30%
APOEL
28%
Spartak Moscow
22%
AJ Auxerre
21%
IFK Göteborg
19%
Rosenborg BK
19%
FC Kaiserslautern
15%
SK Sturm Graz
6%

Score Distribution

Percentile by Number Answered

Percent of People with Each Score

Your Score History

You have not taken this quiz since the last reset